000 00529nam a2200193Ia 4500
005 20250423094438.0
008 250422s9999 xx 000 0 und d
020 _a9780840034328
050 _aBF 636.6 .N48/
100 _aNeukrug, Ed.
245 3 _aAn introduction to the counseling profession: the world of the counselor
250 _a4th ed.
260 _aCanada
260 _bBrooks/ Cole Cengage Learning
260 _c2012
300 _a691 p
650 _aCounseling psychology. Psychotherapy.
942 _cBK
999 _c27260
_d27260